000 00289nam a22001337a 4500
008 180316b xxu||||| |||| 00| 0 eng d
020 _a2901413033402
041 _aeng
080 _a821
100 _a21
101 _aGJL
245 _aTheory Into Pratice
_cDobie, A.B
942 _2udc
_cBK
999 _c45231
_d45231